Theme II landscape + Architecturewatrfront/resort residence rooftop garden government/public agency (Record no. 6355)
[ view plain ]
| 000 -LEADER | |
|---|---|
| fixed length control field | 00333nam a2200097Ia 4500 |
| 008 - FIXED-LENGTH DATA ELEMENTS--GENERAL INFORMATION | |
| fixed length control field | 200302s9999 xx 000 0 und d |
| 100 ## - MAIN ENTRY--PERSONAL NAME | |
| Personal name | Bae cho rong ed. |
| 245 ## - TITLE STATEMENT | |
| Title | Theme II landscape + Architecturewatrfront/resort residence rooftop garden government/public agency |
| 260 ## - PUBLICATION, DISTRIBUTION, ETC. | |
| Name of publisher, distributor, etc. | Jeong ,kwang-young archi world Co., Ltd., |
| 300 ## - PHYSICAL DESCRIPTION | |
| Extent | 527 |
| Withdrawn status | Lost status | Damaged status | Not for loan | Permanent Location | Current Location | Date acquired | Cost, normal purchase price | Full call number | Barcode | Date last seen | Price effective from | Koha item type |
|---|---|---|---|---|---|---|---|---|---|---|---|---|
| BMS College of Architecture, Design and Planning | BMS College of Architecture, Design and Planning | 2020-03-03 | 7670.50 | 712 | AR-UG257 | 2020-03-03 | 2020-03-03 | UG Books |